000 00798nam a2200265Ia 4500
003 OSt
005 20220925220104.0
006 a|||||r|||| 00| 0
007 ta
008 220923b |||||||| |||| 00| 0 eng d
020 _a058248691
037 _cGeneral Book
040 _aRTL
_cRTL
_beng
041 _2eng
_aeng
082 _aY57.3.N7, L9
100 _aKirby D A
_9284152
245 0 _aSlum housing and residential renewal
_b The case of Urban Britain
260 _aLondon
_bLongman
_c1979
300 _axi,102P
_ccm.
490 _aTopics in Applied Geography , Ed by Donald Davidson and John Dawson
500 _aBibiliography P 34-8; Index:P99-02
650 _aSlums
_9241589
942 _hY57.3.N7, L9
_cGB
_2CC
999 _c570500
_d570500